| 000 | 01473nam a2200229Ia 4500 | ||
|---|---|---|---|
| 999 |
_c43730 _d43730 |
||
| 001 | 10474 | ||
| 003 | GE_BSU | ||
| 005 | 20221205102104.0 | ||
| 008 | 181216s2014||||ge |||||||||||||| ||geo|| | ||
| 020 | _a9789941412301 | ||
| 040 | _cGE_BSU | ||
| 041 | _ageo | ||
| 080 | _a624.15(072) ქ-56 | ||
| 100 |
_aქიქავა, თ. _9510 |
||
| 245 |
_aმეთოდური მითითებები საკურსო პროექტების შესასრულებლად ფუძე–საძირკვლებში მშენებლობის სპეციალობის სტუდენტებისათვის / _cთ. ქიქავა ; ბათუმის შოთა რუსთაველის სახელმწ. უნ-ტი, ტექნოლ. ფაკ-ტი, ინჟინერიისა და მშენებლობის დეპარტამენტი. |
||
| 264 |
_aბათუმი : _bბათუმის შოთა რუსთაველის სახ.უნ–ტი, _c2014. |
||
| 300 |
_a70 გვ.; _b20 სმ. |
||
| 504 | _a ბიბლიოგრ.: გვ. 70. | ||
| 653 | _aსაძირკვლების მშენებლობა-გაანგარიშება | ||
| 710 |
_aბსუ. ინჟინერიისა და მშენებლობის დეპარტამენტი. _916332 |
||
| 942 |
_cBK _2udc |
||